000 01580nam a2200241 i 4500
001 164978
003 ES-MaACL
005 20260326151235.0
008 950925s1835 sp ab |||| | spa d
100 1 _aSchulz, Guillermo,
_d1805-1877
_9104793
245 1 0 _aDescripción geognóstica del Reino de Galicia :
_bacompañada de un mapa petrográfico de este país /
_cpor Don Guillermo Schulz.
260 _aMadrid :
_b[s.n.],
_c1835 (
_fImp. de los Herederos de Collado)
300 _aVI, 52 p., [2] h. pleg, [1] h. de mapa pleg. ;
_c21 cm.
530 _aDisponible en formato digital.
650 4 _aGeología-
_zGalicia.
_9150369
852 4 _aES-MaACL
_j1495-F-9
_9171275
_cDEPOF
_zRevisado enlace: 27 de Marzo 2025.
852 4 _aES-MaACL
_jT-7-F-3
_zRevisado enlace: 27 de Marzo de 2025.
_cDEPOF
_x Encuadernación en un volumen facticio.
_xEncuadernación holandesa falto de mapa plegado.
_9171276
852 _aES-MaACL
_jT-1104-F-3
_zRevisado enlace: 27 de Marzo 2025
_cDEPOF
_hLegado de Federico de Botella y de Hornos .
_xEncuadernación holandesa conservando la cubierta original.
_x Falto de la hoja. plegada de mapa.
_xEncuadernación en un volumen facticio.
852 4 _aES-MaACL
_jB-8924(3)
_zRevisado enlace: 27 de Marzo de 2025
_cSPB
_hLegado de Federico de Botella y de Hornos
_x Encuadernado en un volumen facticio agrupado con el nombre en el lomo: España, geología, memorias y documentos varios 1 a 8
_9171274
856 4 _uhttp://bdh-rd.bne.es/viewer.vm?id=0000001384&page=1
_yBiblioteca Digital Hispánica
942 _2udc
999 _c164978
_d164978